Central Library OPAC University of Rajshahi

An introduction to electronic theories of organic chemistry / (Record no. 10279)

MARC details
000 -LEADER
fixed length control field 00837cam a2200253 a 4500
001 - CONTROL NUMBER
control field 10279
003 - CONTROL NUMBER IDENTIFIER
rucl marc code BD-RjUL
005 - DATE AND TIME OF LATEST TRANSACTION
control field 20211208234927.0
008 - FIXED-LENGTH DATA ELEMENTS--GENERAL INFORMATION
fixed length control field 140123s1958 enka b 001 0 eng c
035 ## - SYSTEM CONTROL NUMBER
System control number (BD-RjUL)10327
-- OCLC ocm01001413 from D970731M
040 ## - CATALOGING SOURCE
Original cataloging agency ITD
Transcribing agency ITD
Modifying agency UKM
-- YSM
-- OCL
-- EQO
-- BD-RjUL
Language of cataloging eng
041 ## - LANGUAGE CODE
Language code of text/sound track or separate title eng
082 00 - DEWEY DECIMAL CLASSIFICATION NUMBER
Classification number 547.139
Author mark and year BRI 1958
100 1# - MAIN ENTRY--PERSONAL NAME
Personal name Brown, G. I.
Fuller form of name (George Ingham)
9 (RLIN) 31759
245 13 - TITLE STATEMENT
Title An introduction to electronic theories of organic chemistry /
Statement of responsibility, etc. by G.I. Brown.
260 ## - PUBLICATION, DISTRIBUTION, ETC. (IMPRINT)
Place of publication, distribution, etc. London :
Name of publisher, distributor, etc. Longmans, Green,
Date of publication, distribution, etc. 1958.
300 ## - PHYSICAL DESCRIPTION
Pagination vii, 209 p. :
Illustrations ill. ;
Size 19 cm.
504 ## - BIBLIOGRAPHY, ETC. NOTE
Bibliography, etc Includes bibliographical references and index.
650 #0 - SUBJECT ADDED ENTRY--TOPICAL TERM
Topical term or geographic name as entry element Chemistry, Organic.
9 (RLIN) 31760
Topical term or geographic name as entry element Chemistry, Physical and theoretical.
9 (RLIN) 31761
942 ## - ADDED ENTRY ELEMENTS (KOHA)
Source of classification or shelving scheme Dewey Decimal Classification
Koha item type Books
Holdings
Lost status Source of classification or shelving scheme Damaged status Not for loan Collection code Permanent Location Current Location Shelving location Date acquired Source of acquisition Total Checkouts Full call number Date last seen Copy number Koha item type
  Dewey Decimal Classification   Not For Loan Non-fiction Central Library, University of Rajshahi Central Library, University of Rajshahi Reading Room 21/02/1961 Colombo Plan, U. K, Gift   547.139 BRI 1958 23/01/2014 C-1 Books